000 00276nam a2200109Ia 4500
008 190216s9999||||xx |||||||||||||| ||und||
100 _aStephen Son James
245 0 _aPrinciples And Practice Of Commercial Correspondence
260 _bNull
_c1966
300 _a303p
942 _cBK
999 _c3829
_d3829